Inteligentný rast ako priorita stratégie Európa 2020 bakalárska práca

Salvato in:
Dettagli Bibliografici
Autore principale: Kundrátová, Veronika
Ente Autore: Obchodná fakulta EU. Katedra medzinárodného obchodu
Altri autori: Repášová, Vladimíra
Natura: Libro
Lingua:slovacco
Pubblicazione: Bratislava 2013
Tags: Aggiungi Tag
Nessun Tag, puoi essere il primo ad aggiungerne!!

MARC

LEADER 00000nbm a2200000 4500
001 0171284
005 20161109112028.2
041 0 |a slo 
044 |a SK 
245 1 0 |a Inteligentný rast ako priorita stratégie Európa 2020  |b bakalárska práca  |c Veronika Kundrátová ; školiteľ: Vladimíra Repášová 
264 1 |a Bratislava  |c 2013 
300 |a 66 s. 
100 1 |a Kundrátová, Veronika 
700 1 |a Repášová, Vladimíra 
710 2 |a Obchodná fakulta EU. Katedra medzinárodného obchodu